Géographie du Centre-Val de Loire - Statistiques

Statistiques générales
  • Ce quiz a été pris 70 fois
  • Le résultat moyen est 29 sur 58
Réponses sur la Carte
Les réponses sont colorées sur une échelle allant du rouge au vert en fonction du pourcentage des utilisateurs qui les ont devinées à leur premier essai. Vous pouvez retrouver ces pourcentages ci-dessous.
 
Statistiques - réponses
Lieu % Correct
Orléans
100%
Tours
100%
Loir
98%
Loire
98%
Blois
97%
Bourges
97%
Cher
97%
Cher
97%
Chartres
95%
Eure
95%
Eure-et-Loir
95%
Indre
95%
Indre
95%
Châteauroux
93%
Indre-et-Loire
93%
Loiret
92%
Loiret
92%
Loir-et-Cher
92%
Vierzon
78%
Montargis
71%
Dreux
69%
Romorantin-Lanthenay
61%
Vendôme
59%
Chinon
58%
Sologne
56%
Amboise
53%
Issoudun
53%
Pithiviers
47%
Gien
46%
Loches
44%
Vienne
44%
Le Blanc
42%
Châteaudun
39%
La Châtre
39%
Nogent-le-Rotrou
37%
Creuse
32%
Brenne
31%
Saint-Amand-Montrond
29%
Allier
27%
Perche
25%
Argenton-sur-Creuse
20%
Beuvron
12%
Yèvre
12%
Loing
10%
Sauldre
8%
Arnon
7%
Cisse
7%
Sancerrois
7%
Aubigny-sur-Nère
5%
Auron
5%
Drouette
3%
Avre
2%
Blaise
2%
Indrois
2%
Claise
0%
Fouzon
0%
Vauvise
0%
Vesgre
0%
Aucun quiz correspondant
Distribution des résultats
% des personnes avec chaque résultat
Percentile par nombre de réponses
Votre historique - résultats
Vous n’avez pas pris ce quiz